|
|
|
|
| LEADER |
00000cam a22000004a 4500 |
| 001 |
musev2_68795 |
| 003 |
MdBmJHUP |
| 005 |
20230905051118.0 |
| 006 |
m o d |
| 007 |
cr||||||||nn|n |
| 008 |
080627s1998 ncu o 00 0 eng d |
| 010 |
|
|
|z 97036951
|
| 020 |
|
|
|a 9780822382485
|
| 020 |
|
|
|z 9780822321132
|
| 020 |
|
|
|z 9780822320869
|
| 035 |
|
|
|a (OCoLC)1139388594
|
| 040 |
|
|
|a MdBmJHUP
|c MdBmJHUP
|
| 245 |
0 |
0 |
|a Rural Revolt in Mexico :
|b U.S. Intervention and the Domain of Subaltern Politics /
|c edited by Daniel Nugent ; foreword by William C. Roseberry.
|
| 250 |
|
|
|a 2nd ed., expanded ed.
|
| 264 |
|
1 |
|a Durham, N.C. :
|b Duke University Press,
|c 1998.
|
| 264 |
|
3 |
|a Baltimore, Md. :
|b Project MUSE,
|c 2020
|
| 264 |
|
4 |
|c ©1998.
|
| 300 |
|
|
|a 1 online resource (407 pages).
|
| 336 |
|
|
|a text
|b txt
|2 rdacontent
|
| 337 |
|
|
|a computer
|b c
|2 rdamedia
|
| 338 |
|
|
|a online resource
|b cr
|2 rdacarrier
|
| 490 |
0 |
|
|a American encounters/global interactions
|
| 505 |
0 |
0 |
|t Introduction : reasons to be cheerful /
|r Daniel Nugent --
|t United States and the Mexican peasantry, circa 1880-1940 /
|r Alan Knight --
|t Measuring influence : the United States and Mexican peasantry /
|r John H. Coatsworth --
|t Social unrest, nationalism, and American capital in the Mexican countryside, 1876-1920 /
|r John Mason Hart --
|t Villismo : nationalism and popular mobilization in northern Mexico /
|r Ruben Osorio --
|t Rancheros and rebellion : the case of northwestern Chihuahua, 1905-1909 /
|r Jane-Dale Lloyd --
|t Mixtec political consciousness : from passive to active resistance /
|r Michael Kearney --
|t Space and revolution in northeastern Chihuahua /
|r María Teresa Koreck --
|t United States, feuding elites, and rural revolt in Yucatán, 1836-1915 /
|r Gilbert M. Joseph --
|t U.S. military intervention, revolutionary mobilization, and popular ideology in the Chihuahuan sierra, 1916-1917 /
|r Ana María Alonso --
|t From alliance to dependency : the formation and deformation of an alliance between Francisco Villa and the United States /
|r Friedrich Katz --
|t Chiapas and the rebellion of the enchanted world /
|r Adolfo Gilly.
|
| 520 |
|
|
|a A comprehensive overview by leading scholars of Mexican rural history before, during, and after the Revolution, with an extensive chapter by Adolfo Gilly on the recent Chiapas rebellion.
|
| 546 |
|
|
|a English.
|
| 588 |
|
|
|a Description based on print version record.
|
| 651 |
|
7 |
|a United States.
|2 fast
|0 (OCoLC)fst01204155
|
| 651 |
|
7 |
|a Mexico.
|2 fast
|0 (OCoLC)fst01211700
|
| 651 |
|
6 |
|a Mexique
|x Histoire
|y 1810-
|
| 651 |
|
0 |
|a United States
|x Relations
|z Mexico.
|
| 651 |
|
0 |
|a Mexico
|x Relations
|z United States.
|
| 651 |
|
0 |
|a Mexico
|x History
|y 1810-
|
| 650 |
|
7 |
|a International relations.
|2 fast
|0 (OCoLC)fst00977053
|
| 650 |
|
7 |
|a Peasant uprisings.
|2 fast
|0 (OCoLC)fst01056146
|
| 650 |
|
7 |
|a Nationalism.
|2 fast
|0 (OCoLC)fst01033832
|
| 650 |
|
7 |
|a HISTORY
|z Latin America
|z Mexico.
|2 bisacsh
|
| 650 |
|
7 |
|a SOCIAL SCIENCE
|x Violence in Society.
|2 bisacsh
|
| 650 |
|
6 |
|a Nationalisme
|z Mexique
|x Histoire.
|
| 650 |
|
6 |
|a Revoltes paysannes
|z Mexique
|x Histoire.
|
| 650 |
|
0 |
|a Nationalism
|z Mexico
|x History.
|
| 650 |
|
0 |
|a Peasant uprisings
|z Mexico
|x History.
|
| 655 |
|
7 |
|a History.
|2 fast
|0 (OCoLC)fst01411628
|
| 655 |
|
7 |
|a Electronic books.
|2 local
|
| 700 |
1 |
|
|a Nugent, Daniel.
|
| 710 |
2 |
|
|a Project Muse.
|e distributor
|
| 830 |
|
0 |
|a Book collections on Project MUSE.
|
| 856 |
4 |
0 |
|z Texto completo
|u https://projectmuse.uam.elogim.com/book/68795/
|
| 945 |
|
|
|a Project MUSE - Custom Collection
|